00401nam a2200145Ia 4500003000400000005001700004008004100021020001800062040000900080082002500089100002200114245006700136260004300203300000900246OSt20200615105728.0190216s9999||||xx |||||||||||||| ||und|| a9788180697937 coclc a305.420954558bVAR/W aVarghese, Jaimon  0aWomen Empowerment Through Literacy Compaign /cJaimon Varghese bConcept Publishing,c2012.aNew Delhi: a294p